European Mix-Up Quiz Stats

Quiz Updated Jul 14, 2016

Challenge
Share
Tweet
Embed
Score 0/47 Timer 06:00
10 Plays Today
Scrambled Capital Country % Correct
SOLONorway
98%
NOLONDUnited Kingdom
94.5%
SARIPFrance
93%
COSMOWRussia
85.9%
WWASARPoland
85.4%
RENBSwitzerland
82.9%
MOREItaly
81.6%
VIKEUkraine
81.6%
CAVANIT TYICVatican City
81.4%
CONAMOMonaco
80.4%
ANS ROMAINSan Marino
78.3%
UBLINDIreland
78.2%
GENNACOPEHDenmark
76.9%
BLINERGermany
76.5%
URXEMOGLUBLuxembourg
76.4%
ARANKATurkey
76.3%
DIMARDSpain
73.2%
IFOSABulgaria
70.3%
GAIRLatvia
69.1%
SPDBUAETHungary
68.1%
SKIMNBelarus
67%
UPRAGECzechia
65.8%
JERKYVIKAIceland
64.7%
GRAZEBCroatia
63.7%
Scrambled Capital Country % Correct
DOARNAR AL ALELVAndorra
60.8%
SUNVILILithuania
60.6%
NAVINEAustria
60.3%
LAJNBULAJSlovenia
60%
BOLSINPortugal
59.7%
SBLURESSBelgium
59.5%
HKSMOCTLOSweden
59.1%
JORASEAVBosnia and Herzegovina
58.3%
NINALTLEstonia
57.4%
ZADUVLiechtenstein
53.5%
KISHELINFinland
53.4%
JEPSOKMacedonia
50.5%
TABAVLISARSlovakia
49.8%
MSADMATERNetherlands
49.5%
GLAREBEDSerbia
47.1%
COANISICyprus
46.3%
CHUTEBARSRomania
45.9%
SHANETGreece
45.4%
TALVETALMalta
43.5%
RIDCGPOOAMontenegro
42.5%
TARAINAlbania
40.9%
UISCHINAMoldova
34.5%
NASPIRITKosovo
26.8%

You're not logged in!

Compare scores with friends on all Sporcle quizzes.
Sign Up with Email
OR
Log In

You Might Also Like...

Show Comments

Extras

Top Quizzes Today


Score Distribution

Your Account Isn't Verified!

In order to create a playlist on Sporcle, you need to verify the email address you used during registration. Go to your Sporcle Settings to finish the process.